Most clean sheets in Premier league history from Goalkeepers since 2006/2007 - Statistics

General Stats
  • This quiz has been taken 218 times
  • The average score is 16 of 31
Answer Stats
Nationality Clean Sheets Answer % Correct
Czech Republic 144 Petr Cech
99%
Spain 70 David de gea
92%
USA 116 Tim Howard
92%
England 119 Joe Hart
89%
Netherlands 72 Edwin Van Der Sar
87%
Belgium 30 Thibaut Courtois
86%
Spain 114 Jose Reina
80%
France 53 Hugo Lloris
77%
Denmark 29 Kasper Schmeichel
75%
USA 65 Brad Friedel
63%
Australia 75 Mark Schwarzer
61%
Belgium 67 Simon Mignolet
59%
Bosnia 50 Asmir Begovic
57%
Poland 37 Lukasz Fabianski
54%
England 39 David James
53%
England 61 Ben Foster
52%
Ireland 32 Shay Given
51%
Poland 48 Wojciech Szczesny
51%
Brazil 45 Heurelho Gomes
41%
Finland 58 Jussi Jaaskelainen
39%
England 43 Paul Robinson
36%
England 47 Robert Green
36%
Netherlands 41 Tim Krul
36%
USA 28 Brad Guzan
31%
Poland 31 Artur Boruc
25%
Netherlands 31 Michel Vorm
24%
Denmark 38 Thomas Sorensen
22%
Spain 38 Manuel Almunia
19%
England 29 Scott Carson
19%
England 38 Chris Kirkland
12%
USA 28 Marcus Hahnemann
5%
No matching quizzes found
Score Distribution
Percent of People with Each Score
Percentile by Number Answered
Your Score History
You have not taken this quiz